Мисливські усмішки . (Запис № 2735)

000 -Маркер запису
Контрольне поле сталої довжини 01704nam a22002657a 4500
003 - Належність контрольного номера
Контрольне поле Uzh_bibl
008 - Кодовані дані
Контрольне поле сталої довжини 220211b |||||||| |||| 00| 0 ukr d
020 ## - Індекс ISBN
ISBN 978-617-07-0544-1
Ціна 100 грн.
040 ## - Джерело каталогіз.
Служба первин.кат. укр.
041 ## - Код мови видання
Код мови оригіналу українська
Код мови тексту українська
080 ## - Індекс УДК
Індекс УДК 821 (477)
090 ## - Шифри
Поличний індекс 821 (477)
Авторський знак В 55
100 ## - Автор
Автор Вишня , Остап
245 ## - Назва
Назва Мисливські усмішки .
Фізичний носій Текст
260 ## - Вихідні дані
Місце видання Київ
Видавництво Знання
Дата видання 2017
300 ## - Фізичний опис
Обсяг 255 с.
Тип одиниці В опр.
490 ## - Серія
Назва серії "Скарби"
520 ## - Анотація
Анотація “Мисливські усмішки” Остапа Вишні (1889—1956) поєднують у собі пейзажний ліризм та народний гумор. Мудрий і дотепний оповідач, тобто сам автор, розповідає різні мисливські бувальщини, ділиться своїми спостереженнями та життєвим досвідом. Метою полювання для письменника було насамперед бажання долучитися до чистого світу природи й відчути себе її частинкою. Його твори заворожують соковитою народною мовою, багатством відтінків комічного, лукавим і добродушним настроєм.<br/>
521 ## - Примітка про цільове призначення
Примітка про цільове призначення Для широкого кола читачів
546 ## - Примітка про мову
Примітка про мову укр.
650 ## - Тематичні рубрики
Основна рубрика Літературно-художнє видання
653 ## - Ключові слова
Ключові слова Сатира
-- Природа
-- Мисливські бувальщини
655 ## - Термін індексування — жанр/форма
Жанр/форма Гумор
Типове ділення Оповідання
942 ## - ADDED ENTRY ELEMENTS (KOHA)
Джерело класифікації чи схема поличного розташування
Koha item type Книги
Фонди
Статус вилучення Статус втрати/відсутності Джерело класифікації чи схема поличного розташування Статус пошкодження Тип обігу (не для випозичання) Постійне розташування Поточне розташування Розташування у відділі Дата надходження Інвентарний номер Total Checkouts Повний (примірниковий) шифр зберігання Штрих-код Date last seen Дата, для якої чинна ціна заміни Тип одиниці (рівень примірника)
          Бібліотека-філія № 1 для дітей Бібліотека-філія № 1 для дітей Абонемент старший відділ 11/02/2022 72053   821(477) 3674 11/02/2022 11/02/2022 Книги

Працює на АБІС Коха